State laws and regulations governing teachers' certificates, (Record no. 20897)

MARC details
000 -LEADER
fixed length control field 00902cam a22002531 4500
001 - CONTROL NUMBER
control field e 28000016
003 - CONTROL NUMBER IDENTIFIER
control field DLC
005 - DATE AND TIME OF LATEST TRANSACTION
control field 20260227111218.0
008 - FIXED-LENGTH DATA ELEMENTS--GENERAL INFORMATION
fixed length control field 800227s1928 dcua f000 0 eng c
010 ## - LIBRARY OF CONGRESS CONTROL NUMBER
LC control number e 28000016
035 ## - SYSTEM CONTROL NUMBER
System control number (OCoLC)6024984
040 ## - CATALOGING SOURCE
Original cataloging agency Library, U.S. Bur. of Education
Transcribing agency MChB
Modifying agency DLC
042 ## - AUTHENTICATION CODE
Authentication code premarc
043 ## - GEOGRAPHIC AREA CODE
Geographic area code n-us---
050 00 - LIBRARY OF CONGRESS CALL NUMBER
Classification number LB111
Item number .A6
051 ## - LIBRARY OF CONGRESS COPY, ISSUE, OFFPRINT STATEMENT
Classification number LB1771
Item number .A3 1928
100 1# - MAIN ENTRY--PERSONAL NAME
Personal name Cook, Katherine Margaret O'Brien.
245 10 - TITLE STATEMENT
Title State laws and regulations governing teachers' certificates,
Statement of responsibility, etc. by Katherine M. Cook, chief, Division of rural education, Bureau of education.
260 ## - PUBLICATION, DISTRIBUTION, ETC.
Place of publication, distribution, etc. Washington,
Name of publisher, distributor, etc. U.S. Govt. print. off.,
Date of publication, distribution, etc. 1928.
300 ## - PHYSICAL DESCRIPTION
Extent v, 296 p.
Other physical details incl. tables, diagrs.
Dimensions 23 cm.
490 0# - SERIES STATEMENT
Series statement [U.S.] Bureau of education. Bulletin, 1927,
Volume/sequential designation no. 19
500 ## - GENERAL NOTE
General note At head of title: Department of the interior...
650 #0 - SUBJECT ADDED ENTRY--TOPICAL TERM
Topical term or geographic name entry element Teachers
Geographic subdivision United States.

No items available.

Powered by Koha